Clic Les acteurs ou actrices devenus stars après ces films... (1) - Statistiques

Statistiques générales
  • Ce quiz a été pris 280 fois
  • Le résultat moyen est 14 sur 23
Statistiques - réponses
Hint Extra Hint Réponse % Correct
Le gendarme de Saint-Tropez 1964 Louis de Funès
92%
Intouchables 2001 Omar Sy
85%
Brice de Nice 2005 Jean Dujardin
84%
Camping 2006 Franck Dubosc, Antoine dulery & Mathilde Seignier :
83%
Le fabuleux destin d'Amélie Poulain 2001 Audrey Tautou
82%
La Boum 1980 Sophie Marceau
82%
Bienvenue chez les Chtis 2008 Kad Merad
81%
Taxi 1998 Samy Naceri & Frédéric Diefenthal
74%
La Môme 2007 Marion Cotillard
72%
Les Visiteurs 1993 Christian Clavier
68%
Le grand blond avec une chaussure noire 1972 Pierre Richard
65%
L'Aile ou la Cuisse 1976 Coluche
64%
Le Grand bleu 1988 Jean Reno
62%
Les Valseuses 1974 Gérard Depardieu, Patrick Dewaere & Miou-Miou
57%
Les Sous-doués 1980 Daniel Auteuil
53%
La vérité si je mens ! 1997 José Garcia & Bruno Solo
51%
Greystoke - la légende de Tarzan 1984 Christophe Lambert
46%
Les tontons flingueurs 1963 Jean Lefebvre
40%
Le coup de Sirocco 1978 Roger Hanin
34%
Marius 1931 Raimu
33%
Tchao Pantin 1983 Richard Anconina
30%
Mélo 1986 Pierre Arditi & André Dussollier
27%
Papy fait de la résistance 1983 Roland Giraud
23%
Aucun quiz correspondant
Distribution des résultats
% des personnes avec chaque résultat
Percentile par nombre de réponses
Votre historique - résultats
Vous n’avez pas pris ce quiz